Welcome to CU Library Online Public Access Catalogue (OPAC)

Facilities Evaluation Handbook: Safety, Fire Protection and Environmental Compliance (Record no. 8299)

MARC details
000 -LEADER
fixed length control field 00546nam a22001697a 4500
005 - DATE AND TIME OF LATEST TRANSACTION
control field 20251121123222.0
008 - FIXED-LENGTH DATA ELEMENTS--GENERAL INFORMATION
fixed length control field 251121b |||||||| |||| 00| 0 eng d
020 ## - INTERNATIONAL STANDARD BOOK NUMBER
International Standard Book Number 9780130262202
050 ## - LIBRARY OF CONGRESS CALL NUMBER
Classification number TH453
Item number .P49
100 ## - MAIN ENTRY--PERSONAL NAME
Personal name Petrocelly, K. L.
245 ## - TITLE STATEMENT
Title Facilities Evaluation Handbook: Safety, Fire Protection and Environmental Compliance
Statement of responsibility, etc. K. L. Petrocelly & Albert Thumann
250 ## - EDITION STATEMENT
Edition statement 2nd ed.
260 ## - PUBLICATION, DISTRIBUTION, ETC.
Place of publication, distribution, etc. Lilburn
Name of publisher, distributor, etc. The Fairmont Press
Date of publication, distribution, etc. 2000
300 ## - PHYSICAL DESCRIPTION
Extent x. 294p.
Other physical details ill.
Dimensions 23.5cm
700 ## - ADDED ENTRY--PERSONAL NAME
Personal name Thumann, Albert
942 ## - ADDED ENTRY ELEMENTS (KOHA)
Source of classification or shelving scheme Library of Congress Classification
Koha item type Books
Edition 2nd ed.
Suppress in OPAC No
999 ## -
-- 8299
-- 8299
Holdings
Withdrawn status Lost status Source of classification or shelving scheme Damaged status Not for loan Collection Home library Current library Shelving location Date acquired Total checkouts Full call number Barcode Date last seen Copy number Price effective from Koha item type
    Library of Congress Classification     Non-fiction Science Library (Miotso) Science Library (Miotso) General stacks 11/21/2025   TH453 .P49 PET SLM00005928 11/21/2025 1 11/21/2025 Books
    Library of Congress Classification     Non-fiction Science Library (Miotso) Science Library (Miotso) General stacks 11/21/2025   TH453 .P49 PET SLM00005929 11/21/2025 2 11/21/2025 Books
    Library of Congress Classification     Non-fiction Science Library (Miotso) Science Library (Miotso) General stacks 11/21/2025   TH453 .P49 PET SLM00005930 11/21/2025 3 11/21/2025 Books
    Library of Congress Classification     Non-fiction Science Library (Miotso) Science Library (Miotso) General stacks 11/21/2025   TH453 .P49 PET SLM00005931 11/21/2025 4 11/21/2025 Books
© 2023-2024 Copyright: Central University Libraries. All Rights Reserved | Created by: Mahone Tech Office